000
00240nam a2200097Ia 4500
008
220204s9999 xx 000 0 und d
082
_a
912(048.3)(548.3)
_b
MAP
245
0
_a
Map of Kerala political
260
_a
New Delhi
_b
Orient
942
_c
BK
999
_c
30034
_d
30034